| 000 | 00844nam a2200229Ii 4500 | ||
|---|---|---|---|
| 003 | JO-AjNU | ||
| 008 | 230605s9999||||xx |||||||||||||| ||und|| | ||
| 017 | _a2009/20179 | ||
| 020 | _a978-977-04-6239-0 | ||
| 040 |
_aJO-AjNU _bara _erda _cJO-AjNU |
||
| 041 | _aara | ||
| 050 | 1 | 4 | _aK564.C6.H363.2010 |
| 100 | 3 |
_a الحمامى ، عمر أبو الفتوح عبد العظيم , _eauthor _932304 |
|
| 245 | 0 | 0 | _aالحماية الجنائية للمعلومات المسجلة إلكترونيا " دراسة مقارنة " |
| 250 | _a(د،ط) | ||
| 264 | 3 | 1 | _aالقاهرة : دار النهضة العربية ، 2010 |
| 300 | _a1093ص | ||
| 336 |
_atext _btxt _2rdacontent |
||
| 337 |
_aunmediated _bn _2rdamedia |
||
| 338 |
_avolume _bnc _2rdacarrier |
||
| 650 | 4 |
_aقانون -- حماية جنائية -- معلومات _932305 |
|
| 999 |
_aA13026 _c16594 _d16594 |
||